<?xml version="1.0" encoding="UTF-8"?><?xml-stylesheet type="text/xsl" href="static/style.xsl"?><OAI-PMH xmlns="http://www.openarchives.org/OAI/2.0/" xmlns:xsi="http://www.w3.org/2001/XMLSchema-instance" xsi:schemaLocation="http://www.openarchives.org/OAI/2.0/ http://www.openarchives.org/OAI/2.0/OAI-PMH.xsd"><responseDate>2026-04-13T06:53:03Z</responseDate><request verb="GetRecord" identifier="oai:www.recercat.cat:2445/216367" metadataPrefix="marc">https://recercat.cat/oai/request</request><GetRecord><record><header><identifier>oai:recercat.cat:2445/216367</identifier><datestamp>2025-12-05T14:44:37Z</datestamp><setSpec>com_2072_1057</setSpec><setSpec>col_2072_478917</setSpec><setSpec>col_2072_478922</setSpec></header><metadata><record xmlns="http://www.loc.gov/MARC21/slim" xmlns:dcterms="http://purl.org/dc/terms/" xmlns:xsi="http://www.w3.org/2001/XMLSchema-instance" xmlns:doc="http://www.lyncode.com/xoai" xsi:schemaLocation="http://www.loc.gov/MARC21/slim http://www.loc.gov/standards/marcxml/schema/MARC21slim.xsd">
   <leader>00925njm 22002777a 4500</leader>
   <datafield ind2=" " ind1=" " tag="042">
      <subfield code="a">dc</subfield>
   </datafield>
   <datafield ind2=" " ind1=" " tag="720">
      <subfield code="a">Venceslao, Marta</subfield>
      <subfield code="e">author</subfield>
   </datafield>
   <datafield ind2=" " ind1=" " tag="720">
      <subfield code="a">Martínez Martín, Irene</subfield>
      <subfield code="e">author</subfield>
   </datafield>
   <datafield ind2=" " ind1=" " tag="720">
      <subfield code="a">Hipólito, Natalia</subfield>
      <subfield code="e">author</subfield>
   </datafield>
   <datafield ind2=" " ind1=" " tag="260">
      <subfield code="c">2024-11-11T18:43:47Z</subfield>
   </datafield>
   <datafield ind2=" " ind1=" " tag="260">
      <subfield code="c">2024-11-11T18:43:47Z</subfield>
   </datafield>
   <datafield ind2=" " ind1=" " tag="260">
      <subfield code="c">2022-12-15</subfield>
   </datafield>
   <datafield ind2=" " ind1=" " tag="260">
      <subfield code="c">2024-11-11T18:43:47Z</subfield>
   </datafield>
   <datafield ind2=" " ind1=" " tag="520">
      <subfield code="a">La participación en los centros educativos de secundaria es un tema relevante para construir estructuras democráticas que impliquen a la comunidad educativa, y que tengan una relación directa con la convivencia y los procesos de enseñanza y aprendizaje del centro. Los objetivos de esta investigación buscan analizar las diferentes percepciones en torno a la participación que tiene tanto el profesorado como el alumnado en los centros de secundaria de Castilla La Mancha. Para ello, se ha seguido una metodología cuantitativa con el diseño y aplicación de cuestionarios online para profesorado y alumnado, en el marco de un proyecto de investigación de la UCLM. Tras un análisis estadístico descriptivo, destacan como resultados prioritarios la desigual percepción en las dinámicas de participación siendo el profesorado el grupo quien más sensibilidad e importancia otorga a este tema en relación con la convivencia. Sin embargo, se evidencia una mayor diversidad de percepciones. Entre las principales propuestas y conclusiones se vincula la participación a la mejora de la convivencia y a la transformación de las prácticas educativas hacia modelos democráticos y en equidad. Además, se busca establecer diálogos entre profesorado y alumnado para construir dichas propuestas desde marcos comunes de acción y reflexión.</subfield>
   </datafield>
   <datafield tag="653" ind2=" " ind1=" ">
      <subfield code="a">Educació secundària</subfield>
   </datafield>
   <datafield tag="653" ind2=" " ind1=" ">
      <subfield code="a">Participació educativa</subfield>
   </datafield>
   <datafield tag="653" ind2=" " ind1=" ">
      <subfield code="a">Escoles secundàries</subfield>
   </datafield>
   <datafield tag="653" ind2=" " ind1=" ">
      <subfield code="a">Castella-la Manxa</subfield>
   </datafield>
   <datafield tag="653" ind2=" " ind1=" ">
      <subfield code="a">Secondary education</subfield>
   </datafield>
   <datafield tag="653" ind2=" " ind1=" ">
      <subfield code="a">School involvement</subfield>
   </datafield>
   <datafield tag="653" ind2=" " ind1=" ">
      <subfield code="a">High schools</subfield>
   </datafield>
   <datafield tag="653" ind2=" " ind1=" ">
      <subfield code="a">Castilla-La Mancha</subfield>
   </datafield>
   <datafield ind2="0" ind1="0" tag="245">
      <subfield code="a">Diálogos entre las tendencias en la participación del alumnado y del profesorado en los centros de Educación Secundaria</subfield>
   </datafield>
   <datafield ind2="0" ind1="0" tag="245">
      <subfield code="a">Dialogues between trends in pupil and teacher participation in secondary schools</subfield>
   </datafield>
</record></metadata></record></GetRecord></OAI-PMH>